| 000 | 01341naa a22003617a 4500 | ||
|---|---|---|---|
| 001 | BR9102787 | ||
| 003 | BR-BrBNA | ||
| 005 | 20250721155410.0 | ||
| 007 | ta | ||
| 008 | 250630b bl.|||m| |||| 00| 0 por d | ||
| 040 |
_aBR-BrBNA _bpor _cBiblioteca Nacional de Agricultura |
||
| 041 | _a(Pt) | ||
| 072 |
_aF06 _b0150 _b1410 |
||
| 090 | _aF06 BR9102787 | ||
| 100 | 1 | _aSantos, A.B. dos | |
| 100 | 1 | _aOliveira, I.P. de | |
| 100 | 1 | _aSilveira Filho, A. | |
| 100 | 1 | _aMoreira, J.A.A. | |
| 100 | 1 | _aStone, L.F. | |
| 100 | 1 | _aFrota, L.F. | |
| 100 | 1 | _aSouza, C.M.R. de | |
| 111 | 1 |
_a1. Reuniao sobre Feijao Irrigado (GO,DF,MG,ES,SP,RJ) _cGoiania, GO (Brazil) _d22-25 Nov 1988 |
|
| 245 | 1 | _aManejo de palhada de arroz em cultivos alternados arroz-feijao em varzea irrigada | |
| 500 | _aAnais da 1. Reuniao sobre Feijao Irrigado (GO,DF,MG,ES,SP,RJ) Goiania, GO (Brasil): 1990. p. 101-110 [13 tables; 11 ref.] (BR9102787-AMS) | ||
| 773 | 0 |
_tAnais da 1. Reuniao sobre Feijao Irrigado (GO,DF,MG,ES,SP,RJ) _wF06 BR9102787 _gGoiania, GO (Brasil), 1990. p. 101-110 |
|
| 650 | _aARROZ | ||
| 650 | _aFEIJAO | ||
| 650 | _aCULTURA IRRIGADA | ||
| 650 | _aMANEJO | ||
| 490 |
_aDocumentos - Centro Nacional de Pesquisa em Arroz e Feijao (Brazil) _vNo. 27 _xISSN 0101-9716 |
||
| 942 |
_cAMS _2AGRIS |
||
| 909 |
_a202506 _bLúcia _c55 _dLúcia Elande |
||
| 999 |
_c336279 _d336279 |
||